Statistics for States by Presidents

Click here to take the quiz!

General Stats

  • This quiz has been taken 33 times
  • The average score is 37 of 40

Answer Stats

NumberMost Recent PresidentAnswer% Correct
Birthplaces1Richard NixonCalifornia
100%
Primary Affiliation3Ronald ReaganCalifornia
100%
Birthplaces1Barack ObamaHawaii
100%
Birthplaces5Donald TrumpNew York
100%
Primary Affiliation7Donald TrumpNew York
100%
Birthplaces8Woodrow WilsonVirginia
100%
Primary Affiliation5John TylerVirginia
100%
Primary Affiliation1Bill ClintonArkansas
97%
Birthplaces1Bill ClintonArkansas
97%
Primary Affiliation1Joe BidenDelaware
97%
Primary Affiliation1Jimmy CarterGeorgia
97%
Birthplaces1Jimmy CarterGeorgia
97%
Birthplaces1Abraham LincolnKentucky
97%
Primary Affiliation1Zachary TaylorKentucky
97%
Primary Affiliation1Franklin PierceNew Hampshire
97%
Birthplaces1Franklin PierceNew Hampshire
97%
Birthplaces1Grover ClevelandNew Jersey
97%
Primary Affiliation1Woodrow WilsonNew Jersey
97%
Primary Affiliation1James BuchananPennsylvania
97%
Birthplaces2Joe BidenPennsylvania
97%
Birthplaces2Lyndon B JohnsonTexas
97%
Primary Affiliation3George W BushTexas
97%
Primary Affiliation3Barack ObamaIllinois
93%
Birthplaces1Ronald ReaganIllinois
93%
Birthplaces4George H W BushMassachusetts
93%
Primary Affiliation4John F KennedyMassachusetts
93%
Primary Affiliation1Harry TrumanMissouri
93%
Birthplaces1Harry TrumanMissouri
93%
Primary Affiliation6Warren HardingOhio
93%
Birthplaces7Warren HardingOhio
93%
Primary Affiliation3Andrew JohnsonTennessee
93%
Primary Affiliation1Dwight EisenhowerKansas
90%
Primary Affiliation1Gerald FordMichigan
90%
Birthplaces1George W BushConnecticut
87%
Birthplaces2Andrew JohnsonNorth Carolina
87%
Birthplaces1Andrew JacksonSouth Carolina
87%
Primary Affiliation1Benjamin HarrisonIndiana
83%
Birthplaces2Calvin CoolidgeVermont
83%
Birthplaces1Gerald FordNebraska
77%
Birthplaces1Herbert HooverIowa
73%

Score Distribution

Percentile by Number Answered

Percent of People with Each Score

Your Score History

You have not taken this quiz